Bioactive Surface Engineering of Composite Titanium Implants; Inorganic Materials; Vol. 57, iss. 9
| Parent link: | Inorganic Materials Vol. 57, iss. 9.— 2021.— [P. 973-979] |
|---|---|
| Hlavní autor: | |
| Korporativní autor: | |
| Další autoři: | |
| Shrnutí: | Title screen We have studied the feasibility of improving the functionality of composite titanium implants by modifying their oxidized surface with the aim of imparting it bioactive properties. The growth of a structured calcium silicophosphate layer on an oxidized titanium surface by a sol-gel process has been shown to significantly change its morphology, ensuring porosity and a specific surface area as large as 18.0 ± 0.5 m2/g. Owing to the sol-gel derived film, the surface of the titanium coating acquires hydrophilicity, as well as adsorption and chemical activity, due to surface centers having an excess charge: SiO-Hδ+ and Si-OHδ-. Interaction of the surface with an SBF solution leads to the formation of amorphous and crystalline calcium phosphates on it. Our results suggest that oxidized titanium implants coated with a sol-gel derived film will exhibit bioactive behavior under the conditions of a living organism. Режим доступа: по договору с организацией-держателем ресурса |
| Jazyk: | angličtina |
| Vydáno: |
2021
|
| Témata: | |
| On-line přístup: | https://doi.org/10.1134/S0020168521090119 |
| Médium: | MixedMaterials Elektronický zdroj Kapitola |
| KOHA link: | https://koha.lib.tpu.ru/cgi-bin/koha/opac-detail.pl?biblionumber=666544 |
MARC
| LEADER | 00000naa0a2200000 4500 | ||
|---|---|---|---|
| 001 | 666544 | ||
| 005 | 20250217162723.0 | ||
| 035 | |a (RuTPU)RU\TPU\network\37748 | ||
| 090 | |a 666544 | ||
| 100 | |a 20220110d2021 k||y0rusy50 ba | ||
| 101 | 0 | |a eng | |
| 102 | |a US | ||
| 135 | |a drcn ---uucaa | ||
| 181 | 0 | |a i | |
| 182 | 0 | |a b | |
| 200 | 1 | |a Bioactive Surface Engineering of Composite Titanium Implants |f T. S. Petrovskaya, N. E. Toropkov | |
| 203 | |a Text |c electronic | ||
| 300 | |a Title screen | ||
| 320 | |a [References: 11 tit.] | ||
| 330 | |a We have studied the feasibility of improving the functionality of composite titanium implants by modifying their oxidized surface with the aim of imparting it bioactive properties. The growth of a structured calcium silicophosphate layer on an oxidized titanium surface by a sol-gel process has been shown to significantly change its morphology, ensuring porosity and a specific surface area as large as 18.0 ± 0.5 m2/g. Owing to the sol-gel derived film, the surface of the titanium coating acquires hydrophilicity, as well as adsorption and chemical activity, due to surface centers having an excess charge: SiO-Hδ+ and Si-OHδ-. Interaction of the surface with an SBF solution leads to the formation of amorphous and crystalline calcium phosphates on it. Our results suggest that oxidized titanium implants coated with a sol-gel derived film will exhibit bioactive behavior under the conditions of a living organism. | ||
| 333 | |a Режим доступа: по договору с организацией-держателем ресурса | ||
| 461 | |t Inorganic Materials | ||
| 463 | |t Vol. 57, iss. 9 |v [P. 973-979] |d 2021 | ||
| 610 | 1 | |a электронный ресурс | |
| 610 | 1 | |a труды учёных ТПУ | |
| 610 | 1 | |a composite titanium implant | |
| 610 | 1 | |a thin-film sol–gel coating | |
| 610 | 1 | |a biological activity | |
| 610 | 1 | |a титановые имплантаты | |
| 610 | 1 | |a золь-гель технологии | |
| 610 | 1 | |a покрытия | |
| 610 | 1 | |a биологическая активность | |
| 700 | 1 | |a Petrovskaya |b T. S. |c Chemical Engineer |c professor of Tomsk polytechnic university, doctor of technical sciences |f 1954- |g Tatyana Semyonovna |3 (RuTPU)RU\TPU\pers\30058 | |
| 701 | 1 | |a Toropkov |b N. E. |c Chemical engineer |c Engineer of Tomsk Polytechnic University |f 1992- |g Nikita Evgenievich |3 (RuTPU)RU\TPU\pers\45800 | |
| 712 | 0 | 2 | |a Национальный исследовательский Томский политехнический университет |b Инженерная школа новых производственных технологий |b Научно-образовательный центр Н. М. Кижнера |3 (RuTPU)RU\TPU\col\23556 |
| 801 | 2 | |a RU |b 63413507 |c 20220110 |g RCR | |
| 856 | 4 | 0 | |u https://doi.org/10.1134/S0020168521090119 |
| 942 | |c CF | ||